Riconosci lo Stato - Quiz n°162 - Statistics

Statistiche generali
  • Questo quiz è stato fatto 27 volte
  • Il punteggio medio è 9 su 12
Statistiche sulle risposte
Indizio Risposta % Corretto
Valuta Dalasi
90%
Indipendenza dal Regno Unito 18 febbraio 1965
90%
Superficie 11.300 km²
85%
Popolazione 2.500.000 ab.
85%
Presidente della Repubblica Adama Barrow
85%
Iniziale della Capitale B
85%
Fuso Orario UTC+0
80%
Forma di Governo Repubblica presidenziale
75%
Tasso di crescita 2,344%
70%
ISU 0,500
65%
PIL (nominale) 908 milioni di $
65%
Risposta Gambia
60%
Nessun quiz corrispondente trovato
Distribuzione punteggi
Percentuale di utenti per punteggio
Percentile per numero di risposta
I tuoi punteggi nel tempo
Non hai fatto questo quiz